000 01589nam a22003857a 4500
003 CHAP
005 20250516062730.0
008 07 d2007 mx r 00010 spa d
010 _a98027
011 _a98999
035 _a109684
040 _cCHAP
090 _aTesis
100 1 _aSantiago López, Melendi.
_9102363
245 1 0 _aEstudio de factibilidad técnico - económica para la puesta en marca de una planta productora procesadora de tilapia roja (Oreochromis niloticus) en el municipio de La Independencia, Chiapas
_c/por Melendi Santiago López
260 _aChapingo, Méx. :
_bEl autor,
_c2010
300 _ax, 110 h. :
_bilus. , cuadros gráfs.
502 _aTesis (Ing. Agroindustrial) -- UACH. Departamento de Ingeniería Industrial
530 _aTambién disponible en línea
590 _aALEPH
_b10
_c20130110
_lUCH01
_h1533
590 _aBATCH-UPD
_b10
_c20130110
_lUCH01
_h0843
590 _aBATCH-UPD
_b10
_c20130410
_lUCH01
_h0518
590 _aBATCH-UPD
_b10
_c20130914
_lUCH01
_h1329
590 _aBATCH-UPD
_b10
_c20140324
_lUCH01
_h1515
590 _aBATCH-UPD
_b10
_c20141002
_lUCH01
_h0842
590 _aCONVERSION
_b10
_c20130109
_lUCH01
_h1354
650 0 4 _aEstudios de factibilidad.
_938520
650 0 4 _aProductos agricolas
_xProcesamiento.
_991895
650 0 7 _aTilapia (nombre común)
_2
_9113299
856 _3Finding aid
_uhttp://10.13.5.2/tesis/109684.pdf
_zTeclea aqui
901 _aBK
942 _cFOLL
949 _bBC
_cTES
_d33724002170637
_eTS1
_gDonaciØn
_h50563
_i109684
_sb
949 _bBC
_cTES
_d33724002170678
_eTS2
_fc.2
_gDonaciØn
_h50564
_i109684
_sb
999 _c98027
_d98027